My beautiful book of sudoku
| Format: | Book |
|---|---|
| Published: |
Sywell :
Igloo Books Ltd. ,
2013
|
| Subjects: |
MARC
| LEADER | 00000cam a2200000 7i4500 | ||
|---|---|---|---|
| 001 | 0000220121 | ||
| 005 | 20171103.0 | ||
| 020 | |a 9781781973523 | ||
| 090 | 0 | 0 | |a 793.74 |b BEA |
| 245 | 0 | 0 | |a My beautiful book of sudoku |
| 260 | |a Sywell : |b Igloo Books Ltd. , |c 2013 | ||
| 300 | |a 126p. ; |c 21cm. | ||
| 650 | 0 | |a Logic puzzles | |
| 650 | 0 | |a Sudoku | |
| 999 | |a 00337772 |b BUKU |c PINJAMAN |e PERPUSTAKAAN KOMUNITI PETALING JAYA | ||
| 999 | |a 00337773 |b BUKU |c PINJAMAN |e PERPUSTAKAAN KOMUNITI PETALING JAYA | ||